[Event "Chigorin Memorial 20th"]
[Site "St Petersburg"]
[Date "2012.11.03"]
[Round "8"]
[White "Aleksanyan, Gor"]
[Black "Valli, Frans"]
[Result "1/2-1/2"]
[WhiteElo "1948"]
[BlackElo "2240"]
[PlyCount "173"]
[EventDate "2012.10.27"]
[EventType "swiss"]
[EventRounds "9"]
[EventCountry "RUS"]
[SourceTitle "EXT 2013"]
[Source "ChessBase"]
[SourceDate "2012.11.22"]
[SourceVersion "1"]
[SourceVersionDate "2012.11.22"]
[SourceQuality "1"]

1. d4 d5 2. c4 e6 3. Nf3 c5 4. cxd5 exd5 5. Nc3 Nc6 6. g3 Nf6 7. Bg2 Be7 8. 0-0 0-0 9. Bg5 c4 10. Ne5 Be6 11. b3 h6 12. Bxf6 Bxf6 13. Nxc6 bxc6 14. bxc4 dxc4 15. e3 Qa5 16. Qc2 Rac8 17. Rac1 Be7 18. Qa4 Qxa4 19. Nxa4 Rfd8 20. Rfd1 Kf8 21. Nb2 Ba3 22. Rc2 Bxb2 23. Rxb2 Rc7 24. Rc2 Ke7 25. e4 Rcd7 26. d5 cxd5 27. exd5 Bxd5 28. Bxd5 Rxd5 29. Rxd5 Rxd5 30. Rxc4 Kd6 31. Kg2 Ra5 32. Rc2 Ra3 33. h4 h5 34. Rd2+ Ke5 35. Re2+ Kf5 36. Kg1 a5 37. Kf1 f6 38. Kg1 Rc3 39. Kg2 Ra3 40. Kg1 Kg6 41. Kg2 Ra4 42. Kf3 Kf5 43. Kg2 g6 44. Kf3 Ra3+ 45. Kg2 Kg4 46. Re4+ Kf5 47. Re2 g5 48. hxg5 fxg5 49. Kh2 Ra4 50. Kg2 Kg4 51. Rc2 h4 52. Rd2 hxg3 53. fxg3 Ra3 54. Rd4+ Kh5 55. Rd2 a4 56. Rc2 Rd3 57. Re2 a3 58. Rc2 Rd4 59. Kf3 Rd3+ 60. Kg2 g4 61. Kf2 Kg5 62. Rc5+ Kf6 63. Ra5 Ke6 64. Ra4 Kd5 65. Rxg4 Rd2+ 66. Ke3 Rxa2 67. Ra4 Kc5 68. Kf4 Kb5 69. Ra8 Kb4 70. Rb8+ Kc3 71. Ra8 Kb3 72. Rb8+ Kc2 73. Ra8 Kb3 74. Rb8+ Kc3 75. Ra8 Rf2+ 76. Ke3 Ra2 77. Kf4 Ra1 78. g4 Kb3 79. g5 a2 80. g6 Rg1 81. Kf5 a1Q 82. Rxa1 Rxa1 83. g7 Ra8 84. Kg6 Kc4 85. Kh7 Kd5 86. g8Q+ Rxg8 87. Kxg8 1/2-1/2

[Event "EU-ch U14"]
[Site "Prague"]
[Date "2012.08.21"]
[Round "5"]
[White "Aleksanyan, Gor"]
[Black "Shtembuliak, Evgeny"]
[Result "1/2-1/2"]
[WhiteElo "1907"]
[BlackElo "2153"]
[PlyCount "146"]
[EventDate "2012.08.17"]
[EventType "swiss"]
[EventRounds "9"]
[EventCountry "CZE"]
[SourceTitle "CBM 150 Extra"]
[Source "ChessBase"]
[SourceDate "2012.10.19"]
[SourceVersion "1"]
[SourceVersionDate "2012.10.19"]
[SourceQuality "1"]

1. e4 e6 2. d4 d5 3. Nd2 Nf6 4. e5 Nfd7 5. Bd3 c5 6. c3 Nc6 7. Ne2 cxd4 8. cxd4 f6 9. exf6 Qxf6 10. Nf3 h6 11. 0-0 Bd6 12. Be3 0-0 13. Rc1 Rd8 14. Bb1 Nf8 15. Qd2 Bd7 16. Bf4 Be8 17. Bxd6 Rxd6 18. Nf4 g5 19. Ne2 Bh5 20. Rc3 Rd7 21. Re3 Rf7 22. h3 Qg7 23. Ne5 Bxe2 24. Rxe2 Rf4 25. Nxc6 bxc6 26. Rd1 Rb8 27. Qc3 Rb6 28. g3 Rf6 29. Kg2 Qe7 30. Rc1 Qd6 31. b3 Kg7 32. Qd3 Ng6 33. Re3 Nf8 34. Re2 Ng6 35. Re3 Qf8 36. Qe2 Qf7 37. Re1 Nf8 38. Rh1 Rb4 39. Rd3 Ng6 40. a3 Rb8 41. Rc3 Rf8 42. f3 h5 43. Re1 Qe7 44. Bxg6 Rxg6 45. Qe5+ Qf6 46. Re2 Qxe5 47. Rxe5 Rb8 48. b4 Rb6 49. Kf2 Kf6 50. f4 h4 51. Rce3 Kf7 52. Re1 gxf4 53. gxf4 a5 54. Rh5 axb4 55. axb4 Rxb4 56. Re2 Rb3 57. Re1 Rb2+ 58. Re2 Rxe2+ 59. Kxe2 Rg2+ 60. Ke1 Ra2 61. Rh7+ Kf6 62. Rxh4 Ra3 63. Ke2 Ra5 64. Rg4 Ra3 65. Kf2 Ra4 66. Ke2 Ra3 67. Kf2 Rxh3 68. Rg1 Kf5 69. Re1 Kxf4 70. Rxe6 Rh2+ 71. Kg1 Rh3 72. Kf2 Rh2+ 73. Kg1 Rh3 1/2-1/2

[Event "EU-ch U14"]
[Site "Prague"]
[Date "2012.08.20"]
[Round "4"]
[White "Aleksanyan, Gor"]
[Black "Haria, Ravi"]
[Result "1-0"]
[WhiteElo "1907"]
[BlackElo "2054"]
[PlyCount "91"]
[EventDate "2012.08.17"]
[EventType "swiss"]
[EventRounds "9"]
[EventCountry "CZE"]
[SourceTitle "CBM 150 Extra"]
[Source "ChessBase"]
[SourceDate "2012.10.19"]
[SourceVersion "1"]
[SourceVersionDate "2012.10.19"]
[SourceQuality "1"]

1. e4 c5 2. Nf3 d6 3. d4 cxd4 4. Nxd4 Nf6 5. Nc3 Nc6 6. Bg5 e6 7. f4 Be7 8. Qd2 a6 9. 0-0-0 Bd7 10. a3 b5 11. Be2 Qb6 12. Nxc6 Bxc6 13. Bf3 0-0-0 14. Qe1 Kb7 15. Bh4 a5 16. Bf2 Qa6 17. Nd5 Bf8 18. Nxf6 gxf6 19. Bh4 Bh6 20. g3 Bg7 21. Qc3 Qb6 22. e5 dxe5 23. Rxd8 Rxd8 24. fxe5 Rc8 25. Bxf6 Bh6+ 26. Kb1 Qf2 27. Bxc6+ Rxc6 28. Qd3 Rc5 29. Qxh7 Qf3 30. Re1 Qf2 31. Qe4+ Rc6 32. Rd1 Qc5 33. Rd6 a4 34. h4 Bf8 35. Rxc6 Qxc6 36. Qxc6+ Kxc6 37. g4 Kd5 38. h5 Ke4 39. g5 Kf5 40. h6 Kg6 41. Kc1 Bc5 42. c3 Be3+ 43. Kc2 Kh7 44. c4 bxc4 45. Kc3 Bc1 46. Kxc4 1-0

[Event "EU-ch U14"]
[Site "Prague"]
[Date "2012.08.18"]
[Round "2"]
[White "Aleksanyan, Gor"]
[Black "Pak, Alexander"]
[Result "0-1"]
[WhiteElo "1907"]
[BlackElo "2104"]
[PlyCount "126"]
[EventDate "2012.08.17"]
[EventType "swiss"]
[EventRounds "9"]
[EventCountry "CZE"]
[SourceTitle "CBM 150 Extra"]
[Source "ChessBase"]
[SourceDate "2012.10.19"]
[SourceVersion "1"]
[SourceVersionDate "2012.10.19"]
[SourceQuality "1"]

1. d4 d5 2. c4 c6 3. e3 Nf6 4. Nc3 g6 5. Nf3 Bg7 6. Bd3 Bg4 7. h3 Bxf3 8. Qxf3 0-0 9. 0-0 e6 10. Rd1 Qb6 11. b3 Nbd7 12. Bb2 Rfe8 13. e4 dxe4 14. Nxe4 Nxe4 15. Bxe4 e5 16. dxe5 Nxe5 17. Bxe5 Bxe5 18. Rd7 f5 19. Rad1 Rf8 20. Bd5+ Kh8 21. Bf7 Bf6 22. Qe2 Qc5 23. Rxb7 Rad8 24. Rdd7 Rxd7 25. Rxd7 f4 26. Qe4 Qg5 27. Qxc6 Qe5 28. Qe6 Qa1+ 29. Kh2 f3 30. gxf3 Qb2 31. Rd2 Qe5+ 32. Kg2 Qf4 33. Re2 Bg7 34. Bxg6 Qxf3+ 35. Kh2 hxg6 36. Qg4 Qf6 37. Kg2 a5 38. Qg3 Rd8 39. Re4 Kg8 40. Rg4 Qc6+ 41. Kh2 Rd1 42. f3 Rd2+ 43. Kh1 Qf6 44. Rxg6 Rd1+ 45. Kh2 Qb2+ 46. Qg2 Qe5+ 47. Qg3 Kf7 48. Rg4 Qb2+ 49. Qg2 Be5+ 50. f4 Rd2 51. fxe5 Qxe5+ 52. Kg1 Rd1+ 53. Kf2 Rd2+ 54. Kg1 Rxg2+ 55. Rxg2 Qe1+ 56. Kh2 Qe3 57. Rg3 Qf4 58. Kg2 Qd2+ 59. Kg1 Qxa2 60. Kf1 Qb1+ 61. Kg2 Kf6 62. Kf2 Qc2+ 63. Kg1 Kf5 0-1

[Event "EU-ch U14"]
[Site "Prague"]
[Date "2012.08.17"]
[Round "1"]
[White "Stremavicius, Titas"]
[Black "Aleksanyan, Gor"]
[Result "0-1"]
[WhiteElo "2195"]
[BlackElo "1907"]
[PlyCount "80"]
[EventDate "2012.08.17"]
[EventType "swiss"]
[EventRounds "9"]
[EventCountry "CZE"]
[SourceTitle "CBM 150 Extra"]
[Source "ChessBase"]
[SourceDate "2012.10.19"]
[SourceVersion "1"]
[SourceVersionDate "2012.10.19"]
[SourceQuality "1"]

1. d4 Nf6 2. c4 g6 3. Nc3 Bg7 4. e4 d6 5. f3 0-0 6. Be3 e5 7. d5 c6 8. Nge2 Qe7 9. Qd2 cxd5 10. cxd5 a6 11. a4 Nbd7 12. a5 Nh5 13. g4 Nf4 14. Nxf4 exf4 15. Bxf4 Ne5 16. Be2 Bd7 17. 0-0 f5 18. exf5 gxf5 19. h3 Rae8 20. Rae1 Qf6 21. Bg3 Qg6 22. Bd3 h5 23. Bb1 Nc4 24. Qf2 Bh6 25. Nd1 Nd2 26. Bd3 Nxf1 27. Kxf1 hxg4 28. hxg4 Rxe1+ 29. Qxe1 Qf7 30. gxf5 Qxd5 31. Qe4 Qxd3+ 32. Qxd3 Bb5 33. Qxb5 axb5 34. Bxd6 Rd8 35. Nc3 Rxd6 36. Ne4 Ra6 37. Ke2 Rxa5 38. Kd3 b4 39. f6 Rf5 40. Kd4 Bf8 0-1